Electronic document storage : legal admissibility (Record no. 100937)

MARC details
000 -LEADER
fixed length control field 01369cam a2200313 4500
001 - CONTROL NUMBER
control field
008 - FIXED-LENGTH DATA ELEMENTS--GENERAL INFORMATION
fixed length control field 000000n2001 000 0 eng u
020 ## - INTERNATIONAL STANDARD BOOK NUMBER
International Standard Book Number 1842190350
020 ## - INTERNATIONAL STANDARD BOOK NUMBER
International Standard Book Number 9781842190357
035 ## - SYSTEM CONTROL NUMBER
System control number (Sirsi) u109413
041 ## - LANGUAGE CODE
Language code of text/sound track or separate title eng
050 ## - LIBRARY OF CONGRESS CALL NUMBER
Classification number 025.00285
110 ## - MAIN ENTRY--CORPORATE NAME
Corporate name or jurisdiction name as entry element Royal Institution of Chartered Surveyors
9 (RLIN) 4900
245 ## - TITLE STATEMENT
Title Electronic document storage : legal admissibility
260 ## - PUBLICATION, DISTRIBUTION, ETC.
Place of publication, distribution, etc. London
Name of publisher, distributor, etc. RICS
Date of publication, distribution, etc. 2001
300 ## - PHYSICAL DESCRIPTION
Extent 26p. ; 30cm.
350 ## - PRICE (NR) (BK AM CF MU VM SE) [OBSOLETE]
Price 0
490 ## - SERIES STATEMENT
Series statement RICS Information Paper
520 ## - SUMMARY, ETC.
Summary, etc. Covers legal admissibility of electronic document storage. Looks at authenticity and reliability of documents stored in this way and examines Code of Practice - DISC PD 0008 - that has been introduced, including: types of systems covered by the Code; types of data files; who the Code is for; the creation of a policy document; quality control; destruction of original documents; system maintenance; security and protection; and back-up and data recovery.
520 ## - SUMMARY, ETC.
Summary, etc. Superseded by second edition [ISBN 184219125X].
650 ## - SUBJECT ADDED ENTRY--TOPICAL TERM
Topical term or geographic name entry element ADMISSIBLE EVIDENCE
650 ## - SUBJECT ADDED ENTRY--TOPICAL TERM
Topical term or geographic name entry element ADMISSIBILITY
650 ## - SUBJECT ADDED ENTRY--TOPICAL TERM
Topical term or geographic name entry element CODE OF PRACTICE
650 ## - SUBJECT ADDED ENTRY--TOPICAL TERM
Topical term or geographic name entry element BS DISC PD 0008: 1999
650 ## - SUBJECT ADDED ENTRY--TOPICAL TERM
Topical term or geographic name entry element ELECTRONIC DOCUMENT MANAGEMENT SYSTEMS
650 ## - SUBJECT ADDED ENTRY--TOPICAL TERM
Topical term or geographic name entry element ELECTRONIC DOCUMENTS
690 ## - LOCAL SUBJECT ADDED ENTRY--TOPICAL TERM (OCLC, RLIN)
Topical term or geographic name as entry element MANAGEMENT-BUSINESS MANAGEMENT-INFORMATION MANAGEMENT
942 ## - ADDED ENTRY ELEMENTS (KOHA)
Suppress in OPAC 0
Source of classification or shelving scheme Dewey Decimal Classification
Holdings
Withdrawn status Lost status Source of classification or shelving scheme Damaged status Not for loan Home library Current library Shelving location Date acquired Total Checkouts Full call number Barcode Date last seen Copy number Price effective from Koha item type Date last checked out
    Dewey Decimal Classification     London London RICS Boxes 20/03/2001   RICS 2001/3 30063829 06/08/2019 1 06/08/2019 Archive  
    Dewey Decimal Classification     London London RICS Boxes 20/03/2001   RICS 2001/3 30063830 06/08/2019 2 06/08/2019 Reference material  
    Dewey Decimal Classification     London London RICS Boxes 20/03/2001 7 RICS 2001/3 30063832 06/08/2019 4 06/08/2019 Book 21/01/2003